000 00438nam a2200193Ia 4500
005 20240823053002.0
008 240823s9999||||xx |||||||||||||| ||und||
020 _a978-81-203-5091-5
041 _aENGLISH
082 _A691.09 Q5
100 _aVarghese P C
245 0 _aBuilding Materials
250 _a2nd
260 _c2015
_b#VALUE!
500 _aYES
650 _aBuilding Materials
_bCivil
942 _cBK
999 _c223143
_d223143